000 00744nam a22002777a 4500
001 BR2011000868
003 BR-BrBNA
005 20230928103453.0
007 ta
008 230509b bl.||||| |||| 00| 0 por d
040 _aBR-BrBNA
_bpor
_cBiblioteca Nacional de Agricultura
041 _a(Por)
072 _aE40
090 _ E40 BR2011000868
100 1 _aMenezes, A.
245 1 _aNos rumos da cooperativa e do cooperativismo
260 3 _aBrasília, DF (Brasil):
_bEditora CONFEBRÁS,
_c2005.
300 _a263 p.
500 _a35 ref.
650 _aCOOPERATIVA
650 _aCOOPERATIVISMO
650 _aDESENVOLVIMENTO COOPERATIVISTA
650 _aADMINISTRAÇÃO
909 _a202309
_bLucia
_c55
_dLucia Elande
942 _cBK
999 _c75257
_d75257